IS-IS Deployment in IP Networks /

Contenido: Fundamentos de IS-IS (protocolo de sistema intermediario a sistema intermediario); Operación de IS-IS; División del dominio del enrutamiento; Despliegue de redes IS-IS; Interacción de IS-IS con MPLS; Mejoras de IS-IS.

-д хадгалсан:
Номзүйн дэлгэрэнгүй
Үндсэн зохиолч: White, Russ (autor)
Бусад зохиолчид: Retana, Alvaro (autor) (autor)
Формат: Ном
Хэл сонгох:англи
Хэвлэсэн: Boston, EUA : Addison-Wesley, 2003, c2003
Нөхцлүүд:
Шошгууд: Шошго нэмэх
Шошго байхгүй, Энэхүү баримтыг шошголох эхний хүн болох!

MARC

LEADER 00000nam^a2200000^a^4500
001 000156494
005 20250521000000.0
009 20260310100504.73
020 |a 0-201-65772-4 
037 |a Acervo ITESO - Biblioteca 
041 |a ING 
082 |a 621. 38212  |b WHI 
100 |a White, Russ  |e (autor) 
245 1 0 |a IS-IS Deployment in IP Networks /  |c R. White, A. Retana. 
264 4 |a Boston, EUA :  |b Addison-Wesley,  |c 2003, c2003 
300 |a X, 305 p. 
336 |a texto  |b txt  |2 rdacontenido 
337 |a sin mediación  |b n  |2 rdamedio 
338 |a volumen  |b nc  |2 rdasoporte 
520 |a Contenido: Fundamentos de IS-IS (protocolo de sistema intermediario a sistema intermediario); Operación de IS-IS; División del dominio del enrutamiento; Despliegue de redes IS-IS; Interacción de IS-IS con MPLS; Mejoras de IS-IS. 
649 |a XX 
650 |a Ruteadores 
650 |a Protocolos de Comunicación 
650 |a Internet 
650 |a Redes de Computadoras -  |x Diseño y Construcción 
650 |a Sistemas de Telecomunicación 
650 |a Comunicación en Red 
650 |a Telecomunicaciones 
650 |a Comunicaciones y Tránsito 
650 |a Ingeniería Computacional 
650 |a Ingeniería Electrónica 
700 |a Retana, Alvaro  |e (autor) 
910 |a Fondo General 
920 |a Impresos - Libros 
930 |a Colección General 
905 |a 101 
901 |a 0500084679  |b IT1  |c ACC  |u 20250521 
902 |a https://opac.biblio.iteso.mx/vufind/Record/000156494